000 00696nam a22002177a 4500
003 UA-OsUOA
001 38847
007 ta
008 20060526b un ||||| |||| 00| 0 ukr d
090 _a346.3(088.4)
_bЗ41
942 _cBK
040 _aUA-OsUOA
_bukr
_cUA-OsUOA
_dUA-OsUOA
245 _aЗбірник договорів
_bЗ можливістю копіювання
_cКривенко О. А.
300 _a96 с.
955 _a0
041 _aukr
080 _a346.3(088.4)
020 _a966-8063-15-9
260 _aК.
_bКНТ
_c2003
650 7 _a346 Господарське право. Правові основи державного регулювання економікою
_2UDC
999 _c324992
_d324992